[Event "Befana SSM B"]
[Site "Milano ITA"]
[Date "2014.01.04"]
[Round "3"]
[White "Libutti, Michele"]
[Black "Pedroni, Marco"]
[WhiteElo "1727"]
[BlackElo "1850"]
[Result "1/2-1/2"]
[PlyCount "67"]
[EventDate "2014.01.02"]

1. d4 f5 2. c4 g6 3. Nf3 Bg7 4. g3 Nf6 5. Bg2 O-O 6. O-O d6 7. Nc3 Nbd7 8. Ng5
Nb6 9. Qb3 c5 10. dxc5 dxc5 11. Rd1 Qc7 12. a4 Bd7 13. a5 Nc8 14. a6 Nd6 15.
axb7 Rab8 16. Rxa7 h6 17. Nd5 Nxd5 18. Bxd5+ Kh8 19. Ne6 Bxe6 20. Bxe6 g5 21.
Bd5 f4 22. g4 e5 23. f3 Rfe8 24. Bd2 e4 25. Bc3 Bd4+ 26. Bxd4+ cxd4 27. Rxd4
Qc5 28. Qc3 Qxa7 29. c5 Nb5 30. Qb4 Nxd4 31. Qxd4+ Kh7 32. Bxe4+ Rxe4 33. Qxe4+
Kg7 34. Qe7+ 1/2-1/2

[Event "Befana SSM B"]
[Site "Milano ITA"]
[Date "2014.01.04"]
[Round "3"]
[White "Macri', Vincenzo Roberto"]
[Black "Taccani Stella, Alberto"]
[WhiteElo "1560"]
[BlackElo "1380"]
[Result "1-0"]
[PlyCount "73"]
[EventDate "2014.01.02"]

1. e4 e5 2. Bc4 Bc5 3. f4 exf4 4. Bxf7+ Kxf7 5. Qh5+ g6 6. Qxc5 d6 7. Qf2 g5 8.
Nf3 c5 9. d4 Qe7 10. h4 Qxe4+ 11. Kd1 h6 12. hxg5 h5 13. Nc3 Qf5 14. Bxf4 Qxf4
15. Nd5 Qf5 16. Ne5+ dxe5 17. Qe2 Qg4 18. Qxg4 Bxg4+ 19. Kd2 Nd7 20. Raf1+ Kg6
21. Nc7 Rc8 22. Nb5 cxd4 23. Nd6 Rc6 24. Nf7 Rh7 25. Nd8 Ra6 26. a3 Kxg5 27.
Rf2 b5 28. Rhf1 Nc5 29. Nf7+ Rxf7 30. Rxf7 Ne4+ 31. Kd3 Nc5+ 32. Kd2 e4 33.
Rg7+ Kh6 34. Rxg8 e3+ 35. Ke1 Ne4 36. Re8 Nf6 37. Rb8 {...} 1-0

[Event "Befana SSM B"]
[Site "Milano ITA"]
[Date "2014.01.04"]
[Round "3"]
[White "Malescusi, Luciano"]
[Black "Rossini, Fulvio"]
[WhiteElo "1881"]
[BlackElo "1766"]
[Result "1-0"]
[PlyCount "49"]
[EventDate "2014.01.02"]

1. c4 Nf6 2. b3 e5 3. Bb2 d6 4. Qc2 b6 5. e3 c5 6. d3 Nc6 7. a3 g6 8. Nf3 Bg7
9. g3 Bb7 10. Bg2 O-O 11. O-O Nd7 12. Nc3 f5 13. Nd2 f4 14. Nd5 fxe3 15. fxe3
Nf6 16. Nxf6+ Bxf6 17. Ne4 Bg7 18. Rxf8+ Kxf8 19. Rf1+ Kg8 20. Qf2 Qe7 21. Nxd6
Nd8 22. Nxb7 Nxb7 23. Bd5+ Kh8 24. Qg2 Rb8 25. Rf7 1-0

[Event "Befana SSM B"]
[Site "Milano ITA"]
[Date "2014.01.04"]
[Round "3"]
[White "Manzotti, Francesco"]
[Black "Canciani, Alberto"]
[WhiteElo "1777"]
[BlackElo "1598"]
[Result "1/2-1/2"]
[PlyCount "100"]
[EventDate "2014.01.02"]

1. e4 e6 2. b3 c5 3. Bb2 Qc7 4. Nc3 a6 5. g3 d6 6. Bg2 Nd7 7. Nge2 Ngf6 8. O-O
e5 9. f4 Be7 10. a4 b6 11. d3 Bb7 12. h3 Bc6 13. Qd2 h6 14. Nd1 a5 15. Ne3 Qb7
16. Nf5 g6 17. Nxe7 Kxe7 18. Rad1 b5 19. axb5 Qxb5 20. fxe5 dxe5 21. Nc3 Qb4
22. Qf2 Rhf8 23. Ne2 Kd6 24. Bc3 Qb6 25. Kh2 a4 26. d4 cxd4 27. Nxd4 Kc7 28.
Nxc6 Qxf2 29. Rxf2 Kxc6 30. Bxe5 Nxe5 31. Rxf6+ Kc7 32. Rd5 a3 33. Rf1 a2 34.
Ra1 f6 35. c3 Rfd8 36. Rxd8 Kxd8 37. Kg1 Ra3 38. b4 Kc7 39. Kf2 Nd3+ 40. Ke3
Nxb4 41. Kd2 Rb3 42. cxb4 Rb2+ 43. Kc3 Rxg2 44. Kb3 Rxg3+ 45. Kxa2 Rxh3 46. Rf1
Rh4 47. Rxf6 Rxe4 48. Kb3 Rg4 49. Ka4 h5 50. Ka5 Rg1 1/2-1/2

[Event "Befana SSM B"]
[Site "Milano ITA"]
[Date "2014.01.04"]
[Round "3"]
[White "Marchioro, Luigi"]
[Black "Lavorgna, Filippo"]
[WhiteElo "1872"]
[BlackElo "1725"]
[Result "1/2-1/2"]
[PlyCount "60"]
[EventDate "2014.01.02"]

1. e4 c6 2. d4 d5 3. exd5 cxd5 4. Bd3 Nc6 5. c3 Nf6 6. Bf4 Bg4 7. Qb3 Qd7 8.
Nd2 e6 9. Ngf3 Bxf3 10. Nxf3 Nh5 11. Be5 Be7 12. O-O O-O 13. Qc2 h6 14. Rae1
Rac8 15. Qe2 Nf6 16. Bg3 Ne8 17. Ne5 Nxe5 18. Bxe5 Nd6 19. Qg4 Ne8 20. f4 f6
21. Qg6 f5 22. Rf3 Bf6 23. Rg3 Bxe5 24. Rxe5 Rf6 25. Qh5 Nc7 26. Qe2 Rcf8 27.
Qc2 Kh8 28. Qb3 Qc6 29. a4 Ne8 30. Bb5 Qb6 1/2-1/2

[Event "Befana SSM B"]
[Site "Milano ITA"]
[Date "2014.01.04"]
[Round "3"]
[White "Mazzoccoli, Simone"]
[Black "Colonetti, Fabio"]
[WhiteElo "1766"]
[BlackElo "1475"]
[Result "1-0"]
[PlyCount "47"]
[EventDate "2014.01.02"]

1. e4 Nf6 2. e5 Nd5 3. d4 d6 4. Nf3 g6 5. Bc4 Nb6 6. Bb3 Bg7 7. a4 a5 8. O-O
O-O 9. h3 Nc6 10. Qe2 Bf5 11. Nc3 Qd7 12. e6 fxe6 13. g4 Bxg4 14. hxg4 d5 15.
Nb5 Nc8 16. Re1 Nd8 17. Ne5 Bxe5 18. Qxe5 Nd6 19. Bh6 Rf7 20. Nc3 c6 21. Re3
Ne8 22. Rd1 Nf6 23. Rf3 Nxg4 24. Rxf7 1-0

[Event "Befana SSM B"]
[Site "Milano ITA"]
[Date "2014.01.04"]
[Round "3"]
[White "Murli, Almerico"]
[Black "Croso, Marco"]
[WhiteElo "1804"]
[BlackElo "1861"]
[Result "0-1"]
[PlyCount "74"]
[EventDate "2014.01.02"]

1. e4 c5 2. Nf3 a6 3. c3 d5 4. exd5 Qxd5 5. d4 Bg4 6. Be2 e6 7. O-O Nc6 8. Be3
cxd4 9. cxd4 Nf6 10. Nc3 Qa5 11. Qb3 Qb4 12. Qc2 Be7 13. a3 Qd6 14. Rfd1 Nd5
15. Nxd5 exd5 16. h3 Bh5 17. Rac1 O-O 18. b4 Bg6 19. Qd2 Rfc8 20. Bf4 Qd8 21.
Bd3 Bxd3 22. Qxd3 f6 23. Re1 Qd7 24. Qe3 Re8 25. Qe6+ Qxe6 26. Rxe6 Bf8 27.
Rxe8 Rxe8 28. Kf1 Kf7 29. Bc7 g5 30. Bb6 h5 31. Bc5 Bg7 32. Re1 Re6 33. Rxe6
Kxe6 34. g4 hxg4 35. hxg4 Nb8 36. a4 Nd7 37. Ke2 b6 0-1

[Event "Befana SSM B"]
[Site "Milano ITA"]
[Date "2014.01.04"]
[Round "3"]
[White "Neri, Angelo"]
[Black "Mingolla, Patrizio"]
[WhiteElo "1894"]
[BlackElo "1624"]
[Result "1-0"]
[PlyCount "53"]
[EventDate "2014.01.02"]

1. e4 e5 2. Nf3 Nc6 3. Bb5 a6 4. Bxc6 dxc6 5. O-O Bg4 6. h3 h5 7. d3 Bxf3 8.
Qxf3 Qf6 9. Qg3 h4 10. Qe3 Bd6 11. Nd2 Qe7 12. Nc4 Bc5 13. Qe2 O-O-O 14. c3 f6
15. Ne3 g6 16. b4 Ba7 17. Bb2 Qe6 18. a4 Bxe3 19. Qxe3 Qd7 20. Rfd1 Ne7 21. Qa7
Qe6 22. Qa8+ Kd7 23. Qxb7 Ra8 24. d4 Rhb8 25. dxe5+ Nd5 26. exd5 Qxe5 27. Qxc6+
1-0

[Event "Befana SSM B"]
[Site "Milano ITA"]
[Date "2014.01.04"]
[Round "3"]
[White "Nordio, Giorgio"]
[Black "Primerano, Carlo"]
[WhiteElo "1682"]
[BlackElo "1737"]
[Result "1/2-1/2"]
[PlyCount "46"]
[EventDate "2014.01.02"]

1. c4 Nf6 2. g3 g6 3. Bg2 Bg7 4. Nc3 c6 5. b3 d6 6. Bb2 O-O 7. Nf3 e5 8. d3 Na6
9. e4 Bd7 10. O-O Nh5 11. Nh4 Bf6 12. Nf3 Nc7 13. Bc1 Ne6 14. Rb1 Bg7 15. Ba3
Qc7 16. Nh4 Nd4 17. b4 Rfd8 18. Ne2 Nxe2+ 19. Qxe2 Bf8 20. Bb2 Bg7 21. Bc3 Nf6
22. a4 a6 23. Qb2 Ne8 1/2-1/2

[Event "Befana SSM B"]
[Site "Milano ITA"]
[Date "2014.01.04"]
[Round "3"]
[White "Pasini, Nicolo'"]
[Black "Lipari, Alberto"]
[WhiteElo "1434"]
[BlackElo "1535"]
[Result "1-0"]
[PlyCount "29"]
[EventDate "2014.01.02"]

1. e4 g6 2. d4 Bg7 3. Nf3 d6 4. Nc3 Nc6 5. Be3 Bg4 6. Qd2 Bxf3 7. gxf3 a6 8.
Be2 e5 9. d5 Nd4 10. O-O-O Qf6 11. f4 Nxe2+ 12. Nxe2 exf4 13. Bd4 Qh4 14. Bxg7
f6 15. Bxh8 1-0

[Event "Befana SSM B"]
[Site "Milano ITA"]
[Date "2014.01.04"]
[Round "3"]
[White "Piccapietra, Matteo"]
[Black "Rossi, Giampiero"]
[WhiteElo "1464"]
[BlackElo "1877"]
[Result "0-1"]
[PlyCount "91"]
[EventDate "2014.01.02"]

1. e4 c5 2. Nf3 e6 3. d4 cxd4 4. Nxd4 a6 5. Nc3 Qc7 6. Be3 Nf6 7. f3 Nc6 8. Qd2
Ne5 9. Bd3 Nc4 10. Bxc4 Qxc4 11. Qd3 Qc7 12. O-O-O d6 13. g4 Be7 14. g5 Nh5 15.
h4 Bd7 16. Nde2 O-O-O 17. Kb1 Bc6 18. Qd4 e5 19. Qa7 Rd7 20. Bb6 Qb8 21. Qxb8+
Kxb8 22. Nd5 Bxd5 23. Rxd5 Bd8 24. Bxd8 Rhxd8 25. Rf1 f6 26. f4 exf4 27. Nxf4
Nxf4 28. Rxf4 fxg5 29. Rxg5 Re8 30. Rd5 Rde7 31. Rxd6 Rxe4 32. Rxe4 Rxe4 33.
Kc1 Rxh4 34. Rd8+ Ka7 35. c3 Rh2 36. Rd2 Rxd2 37. Kxd2 Kb6 38. b4 Kc6 39. a4 b5
40. axb5+ axb5 41. Ke3 Kd5 42. Kd3 h5 43. c4+ bxc4+ 44. Kc3 h4 45. b5 h3 46. b6
0-1

[Event "Befana SSM B"]
[Site "Milano ITA"]
[Date "2014.01.15"]
[Round "3"]
[White "Pollio, Ciro"]
[Black "Cavalieri, Riccardo"]
[WhiteElo "1761"]
[BlackElo "1576"]
[Result "1-0"]
[PlyCount "71"]
[EventDate "2014.01.02"]

1. d4 Nf6 2. c4 g6 3. Nc3 d5 4. Bf4 Bg7 5. e3 O-O 6. Nf3 c5 7. dxc5 Na6 8. cxd5
Nxc5 9. Be5 Ncd7 10. Bd4 Qa5 11. Qb3 Ne4 12. Bxg7 Kxg7 13. Bd3 Ndc5 14. Qb5
Nxd3+ 15. Qxd3 Nxc3 16. Qxc3+ Qxc3+ 17. bxc3 Rd8 18. c4 b6 19. e4 Ba6 20. Ne5
Rac8 21. Nc6 Rd7 22. Rc1 Rdc7 23. Kd2 Ra8 24. Rc3 Bb7 25. Nd4 Rac8 26. Rhc1 Ba6
27. Kd3 Kf6 28. f4 e5 29. fxe5+ Kxe5 30. Nc6+ Kd6 31. Ra3 Bb7 32. Nxa7 Ra8 33.
Nb5+ Kd7 34. Rxa8 Bxa8 35. Nxc7 Kxc7 36. Rf1 1-0

[Event "Befana SSM B"]
[Site "Milano ITA"]
[Date "2014.01.04"]
[Round "3"]
[White "Ragoso, Mario"]
[Black "Colica, Daniele"]
[WhiteElo "1633"]
[BlackElo "1698"]
[Result "0-1"]
[PlyCount "64"]
[EventDate "2014.01.02"]

1. e4 Nf6 2. e5 Nd5 3. c4 Nb6 4. d4 d6 5. f4 dxe5 6. fxe5 Bf5 7. Nf3 e6 8. Be2
Be7 9. O-O O-O 10. Nc3 Nc6 11. Be3 f6 12. Nh4 fxe5 13. Nxf5 exf5 14. dxe5 Nxe5
15. Qb3 Kh8 16. Rad1 Qc8 17. c5 Nbd7 18. Qe6 Qe8 19. Rxf5 Rxf5 20. Qxf5 Bxc5
21. Bxc5 Nxc5 22. Rd5 Ncd7 23. Ne4 g6 24. Qf4 Qf8 25. Qh4 Qb4 26. Rxe5 Qb6+ 27.
Kh1 Qxb2 28. Rd5 Qxe2 29. h3 Qf1+ 30. Kh2 Nf8 31. Nf6 Qe2 32. Qd4 Ne6 0-1

[Event "Befana SSM B"]
[Site "Milano ITA"]
[Date "2014.01.04"]
[Round "3"]
[White "Rinaldo, Andrea"]
[Black "Riboldi, Raffaele"]
[WhiteElo "1748"]
[BlackElo "1895"]
[Result "0-1"]
[PlyCount "38"]
[EventDate "2014.01.02"]

1. e4 e6 2. Nf3 d5 3. Nc3 d4 4. Ne2 c5 5. Ng3 Nc6 6. d3 e5 7. Be2 Nge7 8. O-O
h6 9. Nh4 g5 10. Nhf5 Be6 11. Bd2 Ng6 12. Bg4 Nf4 13. Qf3 Qd7 14. Nh5 Nxh5 15.
Bxh5 O-O-O 16. Rfd1 Ne7 17. Nxe7+ Qxe7 18. c3 Qd7 19. h3 Rg8 0-1

[Event "Befana SSM B"]
[Site "Milano ITA"]
[Date "2014.01.04"]
[Round "3"]
[White "Villalba, Fernando"]
[Black "Quagliarella, Sabino Remo"]
[WhiteElo "1856"]
[BlackElo "1882"]
[Result "1/2-1/2"]
[PlyCount "69"]
[EventDate "2014.01.02"]

1. d4 Nf6 2. Nf3 d6 3. Bf4 c5 4. c3 Qb6 5. Qb3 Be6 6. Qxb6 axb6 7. a3 g6 8. e3
Bg7 9. Be2 O-O 10. h3 Bd5 11. Nbd2 Nbd7 12. O-O Bc6 13. c4 d5 14. Ne5 Nxe5 15.
dxe5 Nd7 16. Nf3 e6 17. Rfd1 h6 18. b4 Ba4 19. Rd2 Rfd8 20. cxd5 exd5 21. Rxd5
Bc6 22. Rdd1 Bxf3 23. Bxf3 Nxe5 24. Bxb7 Rxd1+ 25. Rxd1 Rxa3 26. bxc5 bxc5 27.
Be4 c4 28. Rd5 Nd3 29. Rd8+ Kh7 30. Bg3 Be5 31. Bxd3 Rxd3 32. Rc8 Bxg3 33. fxg3
Rc3 34. Kf2 Rc2+ 35. Kf3 1/2-1/2

[Event "Befana SSM B"]
[Site "Milano ITA"]
[Date "2014.01.05"]
[Round "4"]
[White "Alidosi, Marco"]
[Black "Pasini, Nicolo'"]
[WhiteElo "1775"]
[BlackElo "1434"]
[Result "1-0"]
[PlyCount "33"]
[EventDate "2014.01.02"]

1. d4 Nf6 2. Nf3 d6 3. Bf4 Bf5 4. e3 Nc6 5. Bd3 Qd7 6. Nbd2 Nb4 7. e4 Nxd3+ 8.
cxd3 Bg4 9. O-O O-O-O 10. Qb3 e6 11. Rfc1 Bxf3 12. Nxf3 d5 13. Rxc7+ Qxc7 14.
Bxc7 Kxc7 15. Rc1+ Kb8 16. e5 Nh5 17. Qc3 1-0

[Event "Befana SSM B"]
[Site "Milano ITA"]
[Date "2014.01.05"]
[Round "4"]
[White "Baronio, Gaia"]
[Black "Aloe, Giancarlo"]
[WhiteElo "1613"]
[BlackElo "1719"]
[Result "0-1"]
[PlyCount "100"]
[EventDate "2014.01.02"]

1. e4 c5 2. c3 Nf6 3. e5 Nd5 4. d4 e6 5. Nf3 Nc6 6. Bc4 cxd4 7. cxd4 Qa5+ 8.
Nbd2 Nb6 9. O-O d5 10. Be2 g6 11. Qb3 Bg7 12. Qb5 Bd7 13. Nb3 Qxb5 14. Bxb5 a6
15. Be2 O-O 16. Nc5 Rab8 17. Nxd7 Nxd7 18. Bd2 Rfc8 19. Rac1 Nb6 20. b3 Ne7 21.
Rxc8+ Rxc8 22. Rc1 Rxc1+ 23. Bxc1 Nd7 24. Ba3 Nf5 25. Bd3 Bf8 26. Bxf8 Kxf8 27.
Bxf5 exf5 28. Nd2 Ke7 29. f4 h6 30. Kf2 Nf8 31. Nb1 Ne6 32. Ke3 Kd7 33. Nc3 Kc6
34. g3 b5 35. a3 a5 36. Na2 g5 37. Nc1 b4 38. a4 Kd7 39. Nd3 Kc7 40. Nc5 Nxc5
41. dxc5 Kc6 42. Kd4 g4 43. Kd3 Kxc5 44. Ke3 d4+ 45. Kd2 Kd5 46. Kd3 h5 47. Kd2
Ke4 48. Ke2 d3+ 49. Kd2 Kd4 50. Kd1 Kc3 0-1

[Event "Befana SSM B"]
[Site "Milano ITA"]
[Date "2014.01.05"]
[Round "4"]
[White "Canciani, Alberto"]
[Black "Colonetti, Fabio"]
[WhiteElo "1598"]
[BlackElo "1475"]
[Result "1/2-1/2"]
[PlyCount "68"]
[EventDate "2014.01.02"]

1. e4 Nf6 2. e5 Nd5 3. c4 Nb6 4. c5 Nd5 5. d4 d6 6. Qa4+ Bd7 7. Qb3 Bc6 8. Bb5
Qd7 9. Bc4 e6 10. cxd6 cxd6 11. Nf3 Be7 12. O-O O-O 13. Be3 b5 14. Be2 Na6 15.
Nbd2 Nxe3 16. fxe3 d5 17. Rf2 Rac8 18. h4 Bb4 19. a3 Be7 20. Raf1 Qb7 21. Qd3
Rc7 22. Ng5 Bxg5 23. hxg5 Nb8 24. g4 a6 25. Rh2 g6 26. Rf6 Kg7 27. Qb1 Be8 28.
Bd3 Qc8 29. Nb3 Rc6 30. Nc5 Nd7 31. Nxd7 Bxd7 32. Rc2 Rxc2 33. Qxc2 Qxc2 34.
Bxc2 Rc8 1/2-1/2

[Event "Befana SSM B"]
[Site "Milano ITA"]
[Date "2014.01.05"]
[Round "4"]
[White "Cavalieri, Riccardo"]
[Black "Lamperti, Gianloris "]
[WhiteElo "1576"]
[BlackElo "1614"]
[Result "1-0"]
[PlyCount "59"]
[EventDate "2014.01.02"]

1. e4 e6 2. d4 d5 3. Nc3 dxe4 4. Nxe4 Bd7 5. Nf3 Bc6 6. Bd3 Nd7 7. Bf4 Ngf6 8.
Ned2 Be7 9. O-O b6 10. Re1 Bb7 11. Ne4 O-O 12. c3 Nxe4 13. Bxe4 Bxe4 14. Rxe4
Nf6 15. Re1 c5 16. dxc5 Bxc5 17. Qb3 Qd5 18. Qxd5 Nxd5 19. Bg3 Rfe8 20. Rad1
Nf6 21. Bh4 Red8 22. Ne5 h6 23. b4 Bd6 24. Nc6 Rd7 25. Bxf6 gxf6 26. g3 Rc8 27.
Rxd6 Rxd6 28. Ne7+ Kf8 29. Nxc8 Rc6 30. Nxa7 1-0

[Event "Befana SSM B"]
[Site "Milano ITA"]
[Date "2014.01.05"]
[Round "4"]
[White "Colica, Daniele"]
[Black "Marchioro, Luigi"]
[WhiteElo "1698"]
[BlackElo "1872"]
[Result "1/2-1/2"]
[PlyCount "61"]
[EventDate "2014.01.02"]

1. Nf3 Nf6 2. b3 g6 3. Bb2 Bg7 4. e4 O-O 5. e5 Ne8 6. d4 d6 7. Nbd2 c5 8. dxc5
dxc5 9. Bd3 Nc6 10. a3 Nd6 11. Nc4 Nxc4 12. Bxc4 Qc7 13. Qe2 Bg4 14. O-O-O Bxf3
15. Qxf3 Bxe5 16. Rhe1 Bxb2+ 17. Kxb2 Ne5 18. Qe4 Nxc4+ 19. Qxc4 Rfd8 20. Qe4
e6 21. h4 Rxd1 22. Rxd1 Rd8 23. Rxd8+ Qxd8 24. Qxb7 Qd4+ 25. Kb1 Qxf2 26. Qb8+
Kg7 27. Qe5+ Qf6 28. Qxc5 Qxh4 29. Qxa7 Qh1+ 30. Kb2 Qxg2 31. Qd4+ 1/2-1/2

[Event "Befana SSM B"]
[Site "Milano ITA"]
[Date "2014.01.05"]
[Round "4"]
[White "Corti, Filippo"]
[Black "Nordio, Giorgio"]
[WhiteElo "1599"]
[BlackElo "1682"]
[Result "1/2-1/2"]
[PlyCount "31"]
[EventDate "2014.01.02"]

1. Nf3 c6 2. g3 d5 3. d4 Nf6 4. Bg2 Bf5 5. Nbd2 e6 6. O-O Be7 7. c4 O-O 8. Qb3
Qb6 9. Qxb6 axb6 10. Nh4 Bg6 11. Nxg6 hxg6 12. cxd5 exd5 13. a3 Nbd7 14. Nf3
Bd6 15. Bd2 Rfe8 16. e3 1/2-1/2

[Event "Befana SSM B"]
[Site "Milano ITA"]
[Date "2014.01.05"]
[Round "4"]
[White "Croso, Marco"]
[Black "Carli, Federico"]
[WhiteElo "1861"]
[BlackElo "1529"]
[Result "1-0"]
[PlyCount "40"]
[EventDate "2014.01.02"]

1. d4 d5 2. Nf3 Nf6 3. c4 c6 4. cxd5 cxd5 5. Nc3 Nc6 6. Bf4 Bf5 7. e3 e6 8. Bb5
a6 9. Bxc6+ bxc6 10. O-O Bd6 11. Bg5 h6 12. Bh4 O-O 13. Qa4 c5 14. dxc5 Bxc5
15. Rac1 Be7 16. Nd4 Ne4 17. Nc6 Nxc3 18. Rxc3 Qd6 19. Bxe7 Qd7 20. Bxf8 Rxf8
1-0

[Event "Befana SSM B"]
[Site "Milano ITA"]
[Date "2014.01.05"]
[Round "4"]
[White "Deghi, Donatello"]
[Black "Mazzoccoli, Simone"]
[WhiteElo "1815"]
[BlackElo "1766"]
[Result "1/2-1/2"]
[PlyCount "70"]
[EventDate "2014.01.02"]

1. d4 Nf6 2. c4 g6 3. Nc3 Bg7 4. e4 d6 5. f3 O-O 6. Bg5 c5 7. d5 e6 8. Qc2 exd5
9. Nxd5 Be6 10. Nxf6+ Bxf6 11. Bxf6 Qxf6 12. Ne2 Nc6 13. Qc3 Qxc3+ 14. Nxc3 a6
15. Kd2 Rad8 16. b3 Rfe8 17. Bd3 Kg7 18. Rae1 f6 19. Ne2 Bf7 20. h4 Rb8 21. a4
Re7 22. Ng3 Nd4 23. Kc3 b5 24. Ne2 bxa4 25. Nxd4 cxd4+ 26. Kxd4 axb3 27. Ra1
Ra7 28. Ra5 Rb6 29. Rb1 Rab7 30. Rb2 Kf8 31. Kc3 Ke7 32. Ra3 Kd7 33. Raxb3
Rxb3+ 34. Rxb3 Rxb3+ 35. Kxb3 Kc6 1/2-1/2

[Event "Befana SSM B"]
[Site "Milano ITA"]
[Date "2014.01.05"]
[Round "4"]
[White "Giaretta, Fulvio"]
[Black "Murli, Almerico"]
[WhiteElo "1533"]
[BlackElo "1804"]
[Result "1-0"]
[PlyCount "25"]
[EventDate "2014.01.02"]

1. e4 g6 2. d4 Bg7 3. Be3 c6 4. Be2 d6 5. Nf3 Nf6 6. Nbd2 O-O 7. h3 Qc7 8. c3
Nbd7 9. O-O e5 10. dxe5 dxe5 11. Qc2 b5 12. c4 a6 13. cxb5 1-0

[Event "Befana SSM B"]
[Site "Milano ITA"]
[Date "2014.01.05"]
[Round "4"]
[White "Lavorgna, Filippo"]
[Black "Cagnotto, Marco"]
[WhiteElo "1725"]
[BlackElo "1514"]
[Result "1/2-1/2"]
[PlyCount "114"]
[EventDate "2014.01.02"]

1. d4 Nf6 2. c4 g6 3. Nc3 Bg7 4. e4 d6 5. f3 O-O 6. Be3 e5 7. d5 c6 8. Qd2 c5
9. Bd3 Na6 10. Nge2 Nb4 11. Bb1 Na6 12. O-O Bd7 13. a3 Nc7 14. Bd3 a6 15. b4 b6
16. Rfb1 Qe7 17. Rb3 a5 18. bxa5 bxa5 19. Rab1 Rfc8 20. Kf2 Qf8 21. Qb2 Nfe8
22. Rb6 f5 23. Kg1 Bh6 24. Bf2 f4 25. Qc2 g5 26. h3 Bg7 27. Nc1 a4 28. Be2 Ra7
29. Nd3 Rca8 30. Rb8 Bf6 31. Qb2 Bd8 32. Rxa8 Rxa8 33. Bd1 Nf6 34. Qa2 Ra6 35.
Rb8 Qe8 36. Nb2 Kf7 37. Bxa4 Bxa4 38. Nbxa4 Ke7 39. Qc2 Nd7 40. Rb1 Na8 41. Nb5
Nc7 42. Nac3 Nxb5 43. Nxb5 Nb6 44. Kf1 Ra4 45. Qb3 Rxc4 46. Na7 Bc7 47. Nc6+
Kf7 48. Be1 Qc8 49. Qb5 Rc2 50. Qd3 Nc4 51. Bf2 Nd2+ 52. Kg1 Nxb1 53. Qxc2 Nxa3
54. Qb3 Qa6 55. Kh2 Nb5 56. Qc4 Qb6 57. Qa4 Nd4 1/2-1/2

[Event "Befana SSM B"]
[Site "Milano ITA"]
[Date "2014.01.05"]
[Round "4"]
[White "Lavorgna, Francesco"]
[Black "Cecchini, Massimo S."]
[WhiteElo "1598"]
[BlackElo "1786"]
[Result "0-1"]
[PlyCount "128"]
[EventDate "2014.01.02"]

1. d4 d5 2. c4 c6 3. Nc3 Nf6 4. Nf3 dxc4 5. a4 Bf5 6. Bg5 e6 7. e4 Bg4 8. e5 h6
9. Bxf6 gxf6 10. Bxc4 Nd7 11. O-O fxe5 12. Re1 Qf6 13. Ne4 Qg7 14. Qb3 Bxf3 15.
Qxf3 exd4 16. Qb3 O-O-O 17. Rac1 Rg8 18. g3 Nb8 19. Nd2 Re8 20. Nf3 Bd6 21.
Red1 Be5 22. Re1 Bf6 23. Nd2 Bg5 24. Re2 Re7 25. Rce1 Bxd2 26. Rxd2 Rge8 27.
Re4 e5 28. Qb4 Nd7 29. a5 Nf6 30. Re1 Nd7 31. a6 b6 32. Rc1 Nf8 33. Bd5 c5 34.
Qb5 Rd8 35. Be4 Rc7 36. b4 Ne6 37. bxc5 Nxc5 38. Bf5+ Kb8 39. Rdc2 Qf8 40. Qe2
Qd6 41. Qf3 Qe7 42. Be4 Rdd7 43. Bc6 Rd6 44. Rxc5 bxc5 45. Rb1+ Kc8 46. Qg4+
Qe6 47. Bb7+ Kd7 48. Qe4 Qg6 49. Qe1 f5 50. Bg2 e4 51. Qa5 Rxa6 52. Qb5+ Qc6
53. Qc4 Qe6 54. Qb5+ Ke7 55. Qb8 Qc8 56. Qb2 Rb6 57. Qa2 Rxb1+ 58. Qxb1 Rb7 59.
Qa2 Qe6 60. Qa3 Qb6 61. h4 Kf6 62. Qa4 Qb5 63. Qa3 a5 64. Qa2 Qb1+ 0-1

[Event "Befana SSM B"]
[Site "Milano ITA"]
[Date "2014.01.05"]
[Round "4"]
[White "Lipari, Alberto"]
[Black "Fantina, Carla"]
[WhiteElo "1535"]
[BlackElo "1456"]
[Result "1-0"]
[PlyCount "125"]
[EventDate "2014.01.02"]

1. c4 c5 2. Nf3 Nf6 3. g3 g6 4. Bg2 Bg7 5. Nc3 Nc6 6. O-O d6 7. d3 O-O 8. Rb1
a5 9. a3 Rb8 10. Be3 h6 11. Qd2 Kh7 12. d4 Ng4 13. dxc5 Nxe3 14. Qxe3 Bf5 15.
Rbd1 Qc8 16. cxd6 exd6 17. Rxd6 Bh3 18. Rfd1 Bxg2 19. Kxg2 Qg4 20. c5 Ra8 21.
h3 Qc4 22. Nd2 Qa6 23. b4 axb4 24. axb4 Qa3 25. Nd5 Qb2 26. Rb1 Qa2 27. b5 Ne5
28. Nf6+ Bxf6 29. Rxf6 Qd5+ 30. Nf3 Rae8 31. Qc3 Qe4 32. Rb2 g5 33. e3 Kg7 34.
Rb4 Qd5 35. e4 Qd1 36. Rd6 Qxf3+ 37. Qxf3 Nxf3 38. Kxf3 f5 39. Ke3 f4+ 40. gxf4
Rxf4 41. Rd7+ Kg6 42. Rxb7 Ra8 43. Rb6+ Kh5 44. Ra6 Raf8 45. Ra2 Rf3+ 46. Kd4
Rxh3 47. b6 Rd8+ 48. Kc4 Rhd3 49. Kb5 R3d7 50. c6 Re7 51. Ra7 Re5+ 52. Ka6 Rc8
53. Rc7 Ra8+ 54. Ra7 Rc8 55. Rc4 Re6 56. Rc7 Rf8 57. b7 Ree8 58. Ka7 Rxf2 59.
Rc8 Ra2+ 60. Kb8 Re5 61. Kc7 Ra7 62. Kb6 Raa5 63. b8=Q 1-0

[Event "Befana SSM B"]
[Site "Milano ITA"]
[Date "2014.01.05"]
[Round "4"]
[White "Lunghi, Samuele"]
[Black "Ragoso, Mario"]
[WhiteElo "1522"]
[BlackElo "1633"]
[Result "0-1"]
[PlyCount "90"]
[EventDate "2014.01.02"]

1. e4 e5 2. Nf3 Nc6 3. Bb5 a6 4. Ba4 Nf6 5. O-O Be7 6. Re1 b5 7. Bb3 O-O 8. c3
d5 9. exd5 Nxd5 10. Nxe5 Nxe5 11. Rxe5 Nf6 12. f3 Bd6 13. Re1 c5 14. Bc2 c4 15.
d3 cxd3 16. Qxd3 Bc5+ 17. Kh1 Qb6 18. Bg5 Rd8 19. Qf1 Bb7 20. b4 Bd6 21. Bxf6
gxf6 22. Qd3 Kf8 23. Qxh7 Be5 24. Qh6+ Ke7 25. Qe3 Qxe3 26. Rxe3 Kf8 27. Rd3
Rxd3 28. Bxd3 Rd8 29. Bc2 Bf4 30. Kg1 Rd6 31. g3 Be3+ 32. Kg2 f5 33. a4 Bc6 34.
axb5 Bxb5 35. Ra5 Bh6 36. Ra3 Rd5 37. h4 Re5 38. Ba4 Bd3 39. Rb3 Re2+ 40. Kh3
Re1 41. Na3 Bf1+ 42. Kh2 Re2+ 43. Kh1 Bg2+ 44. Kh2 Bxf3+ 45. Kh3 Bg4# 0-1

[Event "Befana SSM B"]
[Site "Milano ITA"]
[Date "2014.01.05"]
[Round "4"]
[White "Mingolla, Patrizio"]
[Black "Macri', Vincenzo Roberto"]
[WhiteElo "1624"]
[BlackElo "1560"]
[Result "1-0"]
[PlyCount "50"]
[EventDate "2014.01.02"]

1. Nf3 Nf6 2. d4 Nc6 3. c4 d5 4. e3 Bg4 5. Nc3 e5 6. Be2 e4 7. Nd2 Bxe2 8. Qxe2
Nb4 9. O-O c5 10. cxd5 cxd4 11. exd4 Nc2 12. Qb5+ Qd7 13. Rb1 Nxd4 14. Qxd7+
Kxd7 15. Ndxe4 Ng4 16. Rd1 Nf5 17. Bf4 Bb4 18. h3 Ngh6 19. g4 Nh4 20. Bxh6 gxh6
21. Rd3 f5 22. gxf5 Nxf5 23. Kh1 Raf8 24. Rf1 Rhg8 25. f4 Rg7 1-0

[Event "Befana SSM B"]
[Site "Milano ITA"]
[Date "2014.01.05"]
[Round "4"]
[White "Papa, Angelo"]
[Black "Libutti, Michele"]
[WhiteElo "1760"]
[BlackElo "1727"]
[Result "1/2-1/2"]
[PlyCount "57"]
[EventDate "2014.01.02"]

1. d4 Nf6 2. c4 g6 3. Nc3 Bg7 4. e4 d6 5. f3 O-O 6. Be3 Nbd7 7. Nh3 c5 8. d5
Ne5 9. Nf2 e6 10. f4 Neg4 11. Nxg4 Nxg4 12. Bd2 exd5 13. cxd5 Bd4 14. Qf3 Bf2+
15. Kd1 Bd4 16. Ke2 Nf2 17. Qxf2 Bxf2 18. Kxf2 Re8 19. Bd3 Bd7 20. Rhe1 a6 21.
e5 Qh4+ 22. Kg1 dxe5 23. g3 Qg4 24. Ne4 Kg7 25. Be2 Qh3 26. Bf1 Qg4 27. Be2 Qh3
28. Bf1 Qg4 29. Be2 1/2-1/2

[Event "Befana SSM B"]
[Site "Milano ITA"]
[Date "2014.01.05"]
[Round "4"]
[White "Pedroni, Marco"]
[Black "Piccapietra, Matteo"]
[WhiteElo "1850"]
[BlackElo "1464"]
[Result "1-0"]
[PlyCount "73"]
[EventDate "2014.01.02"]

1. e4 e5 2. Nf3 Nc6 3. d4 exd4 4. Bc4 h6 5. O-O Bc5 6. c3 dxc3 7. Bxf7+ Kxf7 8.
Qd5+ Kf8 9. Qxc5+ d6 10. Qxc3 Qf6 11. Qb3 Qe6 12. Qe3 Ne5 13. Nxe5 Qxe5 14. Nc3
Nf6 15. f4 Qc5 16. Qxc5 dxc5 17. e5 Nh7 18. Be3 b6 19. Rad1 Bf5 20. Nb5 c6 21.
Nd6 Be6 22. a3 g6 23. f5 gxf5 24. Bxh6+ Ke7 25. Nxf5+ Bxf5 26. Rxf5 Ke6 27.
Rdf1 Rad8 28. Rf7 Rd7 29. Rxd7 Kxd7 30. Rf7+ Ke6 31. Rxa7 Nf8 32. Bd2 Rh5 33.
Bc3 Nd7 34. Rc7 Nxe5 35. Bxe5 Kxe5 36. Rxc6 Kd5 37. Rxb6 1-0